00976nam a2200241 a 450000100100000000500170001000800410002702000150006804000250008308200160010810000500012424501250017426000550029930000210035449000430037556300510041874000290046974000410049883000490053904900090058895201200059799900170071700002265520240305135410.0101014s1997 es 001 0 spa d a8423988252 aDO-SdBNPbspacBNPHU axxxxbG216c1 aGarcía Márquez, Gabriel,b1928-20149180410aCien años de soledad ;bEl otoño del patriarca ; El coronel no tiene quien le escribe /cGabriel García Márquez. aMadrid, :bEditorial Espasa Calpe,c1997.fHuertas a637 p. ;c22 cm.1 aAntología de la literatura universal aVarias obras empaginadas en páginas continua2 aEl otoño del patriarca2 aEl coronel no tiene quien le escribe 0aAntología de la literatura universa946616 aBNPD 001054708MOaGRbGRcHDd2010-10-14iLF1l0oxxxx G216cp22655-10r2020-06-25w2020-06-25y4ZPréstamo en sala c22152d22152